000 00294nam a22001217a 4500
008 251121b |||||||| |||| 00| 0 eng d
100 _aU.A. Bakshi
245 _aControl System Engineering 2nd Ed.
250 _a2nd Ed.
260 _aPune
_bTechnical
_c2003
300 _a960
942 _2ddc
_cBK
999 _c21624
_d21624